Cromwell ou Le Chateau de Woodstock (1651-1660) / (Record no. 165009)
[ view plain ]
| 000 -LEADER | |
|---|---|
| campo de control de longitud fija | 01007nam a22002535i 4500 |
| 001 - NÚMERO DE CONTROL | |
| campo de control | 165009 |
| 003 - IDENTIFICADOR DE NÚMERO DE CONTROL | |
| campo de control | ES-MaACL |
| 005 - FECHA Y HORA DE LA ÚLTIMA TRANSACCIÓN | |
| campo de control | 20260629130410.0 |
| 008 - DATOS DE LONGITUD FIJA--INFORMACIÓN GENERAL | |
| campo de control de longitud fija | 050808s1850 fr a | |||||||| ||fre d |
| 040 ## - FUENTE DE CATALOGACIÓN | |
| Centro catalogador/agencia de origen | CAM |
| Lengua de catalogación | spa |
| Centro/agencia transcriptor | CAM |
| 100 1# - ENTRADA PRINCIPAL--NOMBRE DE PERSONA | |
| Nombre de persona | Scott, Walter, |
| Títulos y otros términos asociados al nombre | Sir, |
| Fechas asociadas al nombre | 1771-1832 |
| 9 (RLIN) | 104957 |
| 245 10 - MENCIÓN DEL TÍTULO | |
| Título | Cromwell ou Le Chateau de Woodstock (1651-1660) / |
| Mención de responsabilidad, etc. | Sir Walter Scott ; traduction nouvelle de L. Barré. |
| 260 ## - PUBLICACIÓN, DISTRIBUCIÓN, ETC. | |
| Lugar de publicación, distribución, etc. | Paris : |
| Nombre del editor, distribuidor, etc. | [s.n., |
| Fecha de publicación, distribución, etc. | s.a. ( |
| Fabricante | Imp. de Bry) |
| 300 ## - DESCRIPCIÓN FÍSICA | |
| Extensión | 104 p. : |
| Otras características físicas | il. ; |
| Dimensiones | 32 cm. |
| 490 1# - MENCIÓN DE SERIE | |
| Mención de serie | Les veillées littéraires illustrées ; |
| Designación de volumen o secuencia | 2 |
| 594 ## - Nota al título y mención de responsabilidad | |
| Nota al título y mención de responsabilidad | Tít. y autor tomados de cabecera de texto. |
| 597 ## - NOTA DE DESCRIPCIÓN FÍSICA | |
| NOTA DE DESCRIPCIÓN FÍSICA | Texto a dos col., con il. intercaladas. |
| 598 ## - NOTA LOCAL | |
| Nota local | Datos de la serie tomados de cabecera y pie de pág. |
| 700 1# - ENTRADA AGREGADA--NOMBRE PERSONAL | |
| Nombre de persona | Barré, Louis, |
| Fechas asociadas al nombre | 1799-1857 |
| 9 (RLIN) | 25873 |
| 740 0# - ENTRADA AGREGADA--TÍTULO RELACIONADO/ANALÍTICO NO CONTROLADO | |
| Título relacionado o analítico no controlado | Le Chateau de Woodstock. |
| 830 0# - PUNTO DE ACCESO ADICIONAL DE SERIE-TÍTULO UNIFORME | |
| Título uniforme | Les veillées littéraires illustrées ; |
| Designación de volumen o secuencia | 2 |
| 9 (RLIN) | 188532 |
| 852 ## - LOCALIZACIÓN | |
| Ubicación | ES-MaACL |
| Número de control de estantería | Fol-Laf-8 |
| Nota libre | -- Sin enc. |
| -- | -- Legado de Modesto de La Fuente |
| Estatus retirado | Estado de pérdida | Estado de daño | No para préstamo | Colección | Biblioteca de origen | Biblioteca actual | Ubicación en estantería | Fecha de adquisición | Fuente de adquisición | Total de préstamos | Signatura topográfica completa | Código de barras | Visto por última vez | Precio de reemplazo | Tipo de ítem Koha |
|---|---|---|---|---|---|---|---|---|---|---|---|---|---|---|---|
| Colección de folletos | Biblioteca del Ateneo de Madrid | Biblioteca del Ateneo de Madrid | Depósito folletos | 17/01/2008 | Fol-Laf-8 | 1172979 | 23/02/2023 | 23/02/2023 | Folleto |
